España viva : (Record no. 82092)

MARC details
000 -LEADER
campo de control de longitud fija 01233nam a2200325 i 4500
001 - NÚMERO DE CONTROL
campo de control 82092
003 - IDENTIFICADOR DE NÚMERO DE CONTROL
campo de control ES-MaACL
005 - FECHA Y HORA DE LA ÚLTIMA TRANSACCIÓN
campo de control 20250808094629.0
007 - CAMPO FIJO DE DESCRIPCIÓN FÍSICA--INFORMACIÓN GENERAL
campo de control de longitud fija t|
008 - DATOS DE LONGITUD FIJA--INFORMACIÓN GENERAL
campo de control de longitud fija 041122s2002 sp ao |||| |bspa d
020 ## - NÚMERO INTERNACIONAL ESTÁNDAR DEL LIBRO
Número Internacional Estándar del Libro 84-8218-043-6
080 ## - NÚMERO DE LA CLASIFICACIÓN DECIMAL UNIVERSAL
Número de la Clasificación Decimal Universal 027:351.852(460)"1931/39"
100 1# - ENTRADA PRINCIPAL--NOMBRE DE PERSONA
Nombre de persona Vicens de la Llave, Juan,
Fechas asociadas al nombre 1895-1959
9 (RLIN) 114315
Término indicativo de función/relación Autor
245 10 - MENCIÓN DEL TÍTULO
Título España viva :
Resto del título el pueblo a la conquista de la cultura /
Mención de responsabilidad, etc. Juan Vicens ; traducción, Vladimiro Fernández Tovar.
250 ## - MENCION DE EDICION
Mención de edición 1ª ed.
260 ## - PUBLICACIÓN, DISTRIBUCIÓN, ETC.
Lugar de publicación, distribución, etc. Madrid :
Nombre del editor, distribuidor, etc. Vosa ;
-- Asociación Educación y Bibliotecas,
Fecha de publicación, distribución, etc. 2002.
300 ## - DESCRIPCIÓN FÍSICA
Extensión 145 p. :
Otras características físicas il. ;
Dimensiones 20 cm.
490 1# - MENCIÓN DE SERIE
Mención de serie Documentos/sociedad
505 ## - NOTA DE CONTENIDO CON FORMATO
Nota de contenido con formato Estudio introductorio . La larga marcha de Juan Vicens / Ramón Salaberría
650 14 - PUNTO DE ACCESO ADICIONAL DE MATERIA--TÉRMINO DE MATERIA
Término de materia o nombre geográfico como elemento de entrada Bibliotecas públicas-
Subdivisión geográfica España-
Subdivisión de forma Historia.
9 (RLIN) 10552
650 04 - PUNTO DE ACCESO ADICIONAL DE MATERIA--TÉRMINO DE MATERIA
Término de materia o nombre geográfico como elemento de entrada Bibliotecas-
Subdivisión general Política gubernamental-
Subdivisión geográfica España-
Subdivisión cronológica 1931-1939.
9 (RLIN) 10539
700 1# - ENTRADA AGREGADA--NOMBRE PERSONAL
Nombre de persona Fernández Tovar, Vladimiro
Término indicativo de función/relación Traductor
9 (RLIN) 50119
700 1# - ENTRADA AGREGADA--NOMBRE PERSONAL
Nombre de persona Salaberría, Ramón.
9 (RLIN) 101683
Término indicativo de función/relación Autor
740 3# - ENTRADA AGREGADA--TÍTULO RELACIONADO/ANALÍTICO NO CONTROLADO
Título relacionado o analítico no controlado La larga marcha de Juan Vicéns.
830 0# - PUNTO DE ACCESO ADICIONAL DE SERIE-TÍTULO UNIFORME
Título uniforme Documentos-sociedad
9 (RLIN) 180574
852 ## - LOCALIZACIÓN
Ubicación ES-MaACL
Número de control de estantería L-28518
942 ## - ELEMENTOS DE ENTRADA SECUNDARIOS (KOHA)
Fuente del sistema de clasificación o colocación Clasificación decimal universal
Tipo de ítem Koha Libro impreso
Suprimir en OPAC No
Holdings
Estatus retirado Estado de pérdida Estado de daño No para préstamo Biblioteca de origen Biblioteca actual Ubicación en estantería Fecha de adquisición Fuente de adquisición Total de préstamos Signatura topográfica completa Código de barras Visto por última vez Precio de reemplazo Tipo de ítem Koha
        Biblioteca del Ateneo de Madrid Biblioteca del Ateneo de Madrid Depósito 2 17/01/2008     L-28518 1085802 23/02/2023 23/02/2023 Libro impreso